Philosophies of education / (Record no. 1028)
| 000 -LEADER | |
|---|---|
| fixed length control field | 00518nam a22001937a 4500 |
| 003 - CONTROL NUMBER IDENTIFIER | |
| control field | OSt |
| 005 - DATE AND TIME OF LATEST TRANSACTION | |
| control field | 20140116120843.0 |
| 008 - FIXED-LENGTH DATA ELEMENTS--GENERAL INFORMATION | |
| fixed length control field | 121107b xxu||||| |||| 00| 0 eng d |
| 020 ## - INTERNATIONAL STANDARD BOOK NUMBER | |
| International Standard Book Number | 8170242223 |
| 040 ## - CATALOGING SOURCE | |
| Original cataloging agency | LoC |
| Language of cataloging | English |
| 050 ## - LIBRARY OF CONGRESS CALL NUMBER | |
| Classification number | LB1025.S44 2010 |
| 100 ## - MAIN ENTRY--PERSONAL NAME | |
| Personal name | Seetharamu, A.S |
| 245 ## - TITLE STATEMENT | |
| Title | Philosophies of education / |
| Statement of responsibility, etc | A.S. Seetharamu |
| 260 ## - PUBLICATION, DISTRIBUTION, ETC. (IMPRINT) | |
| Place of publication, distribution, etc | New Delhi |
| Name of publisher, distributor, etc | APH publishers |
| Date of publication, distribution, etc | 2010 |
| 300 ## - PHYSICAL DESCRIPTION | |
| Extent | ix.:243p. |
| 501 ## - WITH NOTE | |
| With note | includes index and bibliography |
| 650 ## - SUBJECT ADDED ENTRY--TOPICAL TERM | |
| Topical term or geographic name as entry element | Philosophy of education |
| 942 ## - ADDED ENTRY ELEMENTS (KOHA) | |
| Source of classification or shelving scheme | |
| Koha item type | Book |
| Withdrawn status | Lost status | Source of classification or shelving scheme | Damaged status | Not for loan | Home library | Current library | Date acquired | Total Checkouts | Total Renewals | Full call number | Barcode | Date last seen | Date checked out | Copy number | Price effective from | Koha item type |
|---|---|---|---|---|---|---|---|---|---|---|---|---|---|---|---|---|
| Riara University Library | Riara University Library | 07/11/2012 | 11 | 1 | LB1025.S44 2010 | 3562/12 | 15/05/2018 | 12/04/2018 | C.1 | 07/11/2012 | Book |
